| 000 | 00749nam a2200193Ia 4500 | ||
|---|---|---|---|
| 003 | GCL | ||
| 008 | 140319s9999 xx 000 0 ara d | ||
| 040 |
_aGCL / _cGCL |
||
| 082 | 0 | 4 |
_a320.956 _bا و |
| 100 | 1 | _aاحمد يوسف احمد | |
| 245 | 1 | 0 |
_aالوطن العربى بين قرنين : _bدروس من القرن العشرين وافكار للقرن الحادى والعشرين / _cاحمد يوسف احمد |
| 250 | _aالاولى | ||
| 260 |
_aالقاهرة : _bمركز دراسات الوحدة العربية ، _c2000 |
||
| 300 |
_a303 ص ؛ _c24 سم |
||
| 650 | 0 | 4 | _aالسياسة الدولية |
| 650 | 0 | 4 | _aالعالم العربى - تاريخ |
| 650 | 0 | 4 | _aالشرق الاوسط - تاريخ |
| 942 |
_2ddc _cBK |
||
| 999 |
_c1520 _d1520 |
||